Alberto Durero / (Record no. 129390)

MARC details
000 -LEADER
campo de control de longitud fija 00678nam a2200205 i 4500
001 - NÚMERO DE CONTROL
campo de control 129390
003 - IDENTIFICADOR DE NÚMERO DE CONTROL
campo de control ES-MaACL
005 - FECHA Y HORA DE LA ÚLTIMA TRANSACCIÓN
campo de control 20230906193506.0
007 - CAMPO FIJO DE DESCRIPCIÓN FÍSICA--INFORMACIÓN GENERAL
campo de control de longitud fija t|
008 - DATOS DE LONGITUD FIJA--INFORMACIÓN GENERAL
campo de control de longitud fija 070614s1944 ag ||||1| spa d
080 ## - NÚMERO DE LA CLASIFICACIÓN DECIMAL UNIVERSAL
Número de la Clasificación Decimal Universal 92(Durero):75
100 1# - ENTRADA PRINCIPAL--NOMBRE DE PERSONA
Nombre de persona Thausing, Maximus.
9 (RLIN) 109874
245 10 - MENCIÓN DEL TÍTULO
Título Alberto Durero /
Mención de responsabilidad, etc. M. Thausing ; traducción, Verónica Meré ; supervisión, Raquel A. Gibert Friera.
260 ## - PUBLICACIÓN, DISTRIBUCIÓN, ETC.
Lugar de publicación, distribución, etc. Buenos Aires :
Nombre del editor, distribuidor, etc. Compañía Editora del Plata,
Fecha de publicación, distribución, etc. [1944]
300 ## - DESCRIPCIÓN FÍSICA
Extensión 388 p. :
Otras características físicas il. ;
Dimensiones 24 cm.
500 ## - NOTA GENERAL
Nota general Autorretrato del biografiado.
700 0# - ENTRADA AGREGADA--NOMBRE PERSONAL
Nombre de persona Meré, Verónica.
9 (RLIN) 80474
700 1# - ENTRADA AGREGADA--NOMBRE PERSONAL
Nombre de persona Gibert Friera, Raquel A.
9 (RLIN) 56652
852 ## - LOCALIZACIÓN
Ubicación ES-MaACL
Número de control de estantería C-4740
Sublocalización o colección R.25184
Holdings
Estatus retirado Estado de pérdida Estado de daño No para préstamo Biblioteca de origen Biblioteca actual Ubicación en estantería Fecha de adquisición Fuente de adquisición Total de préstamos Signatura topográfica completa Código de barras Visto por última vez Precio de reemplazo Tipo de ítem Koha
        Biblioteca del Ateneo de Madrid Biblioteca del Ateneo de Madrid Sala Palomar 17/01/2008     C-4740 1134742 23/02/2023 23/02/2023 Libro impreso